000 02421nam2a2200325 4500
001 RU\NLR\BIBL_A\022543675
005 20250610132132.0
010 _a978-5-907799-19-6
_9300
021 _aRU
_bКН-П-25-015966
_9КН-П-25-1627
035 _a(NLR Aleph) 022543675
090 _a13410649
_c13410649
100 _a20250519d2024 u y0rusy50 ca
101 0 _arus
102 _aRU
105 _aа z 100zy
200 0 _aВып. 13
_eсборник статей всероссийской научной конференции (Йошкар-Ола, 22-24 мая 2024 г.)
_fМинистерство науки и высшего образования Российской Федерации, ФГБОУ ВО "Марийский государственный университет", Институт естественных наук и фармации
210 _d2024
215 _a329 с.
_cил., табл.
300 _aОбщ. загл.: Современные проблемы естественных наук и фармации
320 _aБиблиогр. в конце ст.
461 0 _1001RU\NLR\BIBL_A\011195255
_12001#$aСовременные проблемы медицины и естественных наук$e[материалы конференций$fотв. ред.: О. Л. Воскресенская, проф.]$vВып. 13
_911888922
_cЙошкар-Ола
_d2016-
_fотв. ред.: О. Л. Воскресенская, проф.]
_nФГОУ ВО "Марийский государственный университет"
_o[материалы конференций
_tСовременные проблемы медицины и естественных наук
_vВып. 13
606 1 _aФармация
_jСъезды, совещания и т.п
_9894367
_3RU\NLR\AUTH\663802
686 1 _aР282я431(2)
711 1 2 _a"Современные проблемы естественных наук и фармации", всероссийская научная конференция
_eЙошкар-Ола
_f2024
_92660033
_3RU\NLR\AUTH\880627665
712 0 2 _4570
_aМарийский государственный университет
_bИнститут естественных наук и фармации
_cЙошкар-Ола
_9780825
_3RU\NLR\AUTH\880556876
942 _cBOOK
980 _aNB